000
00335nam a22001457a 4500
008
231127b ||||| |||| 00| 0 eng d
020
_a
0300040873
041
_a
eng
080
_a
618
082
_a
618WER
100
_a
14
101
_a
GJINE
245
_a
LYING IN A HISTORY OF CHILDBIRTH IN AMERICA
_c
WERTZ .W.R
942
_2
udc
_c
BK
999
_c
60542
_d
60542